| 000 | 01669nam a2200373 a 4500 | ||
|---|---|---|---|
| 999 |
_c529662 _d529662 |
||
| 001 | 4454645 | ||
| 003 | NUST | ||
| 005 | 20191001111557.0 | ||
| 008 | 951130s1995 dcua b 000 0 eng d | ||
| 010 | _a 95061873 | ||
| 020 | _a030905866X | ||
| 035 | _a(OCoLC)34139871 | ||
| 038 | _aMSOHAIL | ||
| 040 |
_aOAU _cOAU _dDLC |
||
| 042 | _alccopycat | ||
| 050 | 0 | 4 |
_aTE250 _b.Z56 1995 |
| 082 | 0 | 0 |
_a625.76068 _220 |
| 100 | 1 |
_aZimmerman, Kathryn A. _922105 |
|
| 245 | 1 | 0 |
_aPavement management methodologies to select projects and recommend preservation treatments / _cKathryn A. Zimmerman. |
| 260 |
_aWashington, D.C. : _bNational Academy Press, _c1995. |
||
| 300 |
_a96 p. : _bill. ; _c28 cm. |
||
| 440 | 0 |
_aSynthesis of highway practice, _x0547-5570 ; _v222 _922106 |
|
| 500 | _a"Transportation Research Board, National Research Council." | ||
| 500 | _a"Research sponsored by the American Association of State Highway and Transportation Officials in Cooperation with the Federal Highway Administration." | ||
| 504 | _aIncludes bibliographical references (p. 40-41). | ||
| 650 | 0 |
_aPavements _xMaintenance and repair _xManagement. _921695 |
|
| 650 | 0 |
_aPavements _xMaintenance and repair _xManagement _xCase studies. _922107 |
|
| 710 | 2 |
_aNational Research Council (U.S.). _bTransportation Research Board. _919676 |
|
| 710 | 2 |
_aAmerican Association of State Highway and Transportation Officials. _919553 |
|
| 710 | 1 |
_aUnited States. _bFederal Highway Administration. _920149 |
|
| 906 |
_a7 _bcbc _ccopycat _d2 _eopcn _f19 _gy-gencatlg |
||
| 942 |
_2ddc _cBK |
||